000 00305nam a22001337a 4500
008 171006b xxu||||| |||| 00| 0 eng d
020 _a9780132277310
041 _aeng
080 _24TH
_a159.9
100 _a49
101 _aPSI
245 _aTHE PSYCHOLOGIST AS DETECTIVE
_cSMITH,R.A
942 _2udc
_cBK
999 _c32426
_d32426